American journal of sociology

Na minha lista:
Detalhes bibliográficos
Formato: Periódico
Idioma:inglês
Publicado em: Chicago University of Chicago 1972
Tags: Adicionar Tag
Sem tags, seja o primeiro a adicionar uma tag!

MARC

LEADER 00000nas2a2200000 4500
001 0007292
005 20250730114232.7
022 |a 0002-9602 
041 0 |a eng 
044 |a US 
245 1 0 |a American journal of sociology 
264 1 |a Chicago  |b University of Chicago  |c 1972 
300 |a 2 zv. 
773 0 |w eu_un_cat*0007285